| Tag |
First Indicator |
Second Indicator |
Subfields |
| LEADER |
00000cam a2200000Ea 4500 |
| 001 |
in00000078774 |
| 005 |
20151008053923.0 |
| 008 |
780802s1977 enka b 10000 engm |
| 010 |
|
|
|a 78308637
|
| 015 |
|
|
|a GB77-30435
|
| 020 |
|
|
|a 0900488395 :
|c 14.50 ($27.50 U.S.)
|
| 035 |
|
|
|a (OCoLC)04192046
|
| 035 |
|
|
|9 AAH9067AM
|
| 040 |
|
|
|a DLC
|c DLC
|d TXA
|d UtOrBLW
|
| 049 |
|
|
|a TXAM
|c [1654706]
|
| 050 |
0 |
0 |
|a TN681
|b .M64
|
| 082 |
0 |
|
|a 669/.0284
|
| 090 |
|
|
|a TN681
|b .M64 1977
|
| 245 |
0 |
0 |
|a Molten salt electrolysis in metal production :
|b an international symposium organized by the Institution of Mining and Metallurgy with the cooperation of the Section sud-est de la Societe Francaise de Metallurgie, and held in Grenoble, France, from 19 to 21 September, 1977.
|
| 264 |
|
1 |
|a London :
|b The Institution,
|c [1977]
|
| 264 |
|
4 |
|c ©1977
|
| 300 |
|
|
|a vii, 73 pages :
|b illustrations ;
|c 30 cm.
|
| 336 |
|
|
|a text
|b txt
|2 rdacontent
|
| 337 |
|
|
|a unmediated
|b n
|2 rdamedia
|
| 338 |
|
|
|a volume
|b nc
|2 rdacarrier
|
| 504 |
|
|
|a Includes bibliographical references.
|
| 650 |
|
0 |
|a Electrometallurgy
|v Congresses.
|
| 650 |
|
0 |
|a Fused salt electrolysis
|x Congresses.
|
| 710 |
2 |
|
|a Institution of Mining and Metallurgy (Great Britain)
|
| 999 |
|
|
|a MARS
|
| 999 |
f |
f |
|s 7906bd56-dff2-31d8-ada1-56fa9d529587
|i b9ac640d-0b0c-3616-b31f-cf561a883ede
|t 0
|
| 952 |
f |
f |
|p ric
|a Texas A&M University
|b Rellis Campus
|c Joint Library Facility
|d Remote Storage
|t 0
|e TN681 .M64 1977
|h Library of Congress classification
|i unmediated -- volume
|m A14806255058
|
| 998 |
f |
f |
|a TN681 .M64 1977
|t 0
|l Remote Storage
|